Mnohonárodný zbor zo Štetína

Bibliographic Details
Main Author: Krampl, Robert (Author)
Format: Article
Language:Slovak
PhysicalDescription:Fotogr.
ISSN:1336-2910
Subjects:

MARC

LEADER 00000nab a2200000 a 4500
001 vtls009325264
003 SK-MaSNL
005 20260305015221.0
008 250507c2008 xo |||||||||||000 b|slo
015 |a SNBRB2008/08  |2 snkbucl 
035 |a urn:nbn:sk:snk-ab7uuq 
035 |a (urnnbn)urn:nbn:sk:snk:ar-0041if 
035 |a (uuid)0969ffec-5a30-4ced-9c1c-681bb64c03a8 
038 |a SNKBUCL 
040 |a SNKBUCL  |b slo  |c SNKBUCL  |e AACR2 
041 0 |a slo 
044 |a xo  |c SK 
080 |a 355.318.2  |x (438)  |2 2001 
080 |a 327.51  |x (100)  |2 2001 
100 1 |a Krampl, Robert  |4 aut  |9 1593984 
245 1 0 |a Mnohonárodný zbor zo Štetína  |c Robert Krampl 
300 |b Fotogr. 
610 2 7 |a Multinational Corps North-East (Štetín, Poľsko)  |2 snkbucl  |9 1593985 
610 2 7 |a NATO  |2 snkbucl  |9 33599 
650 0 7 |a vojenská spolupráca  |2 snkbucl  |9 1076804 
650 0 7 |a zahraničné vojenské jednotky  |2 SNKPH  |9 67719 
773 0 |t Obrana  |g Roč. 16, č. 7 (2008), s. 31  |x 1336-2910 
850 |a Slovenská národná knižnica 
852 |a Slovenská národná knižnica 
954 |a odborná, vedecká literatúra pôvodná (slovenská)  |2 lita 
958 |a article9 
958 |a OND 
958 |a PL 
958 |a SK 
958 |a EUIPO 
999 |c 3273687  |d 3275617